Monetary theory and policy

Gespeichert in:
Bibliographische Detailangaben
1. Verfasser: Walsh, Carl E.
Format: Buch
Sprache:Englisch
Veröffentlicht: Cambridge <The> MIT Press 2003
Ausgabe:2. ed.
Schlagworte:
Tags: Tag hinzufügen
Keine Tags, Fügen Sie das erste Tag hinzu!

MARC

LEADER 00000nam$a2200000$$$4500
001 0045531
005 20240312115857.6
020 |a 0-262-23231-6 
041 0 |a eng 
044 |a GB 
245 1 0 |a Monetary theory and policy  |c Carl E. Walsh 
250 |a 2. ed. 
264 1 |a Cambridge  |b <The> MIT Press  |c 2003 
300 |a 612 s. 
610 2 0 |a peniaze 
610 2 0 |a teória peňažná 
610 2 0 |a politika peňažná 
610 2 0 |a ceny 
610 2 0 |a modely 
610 2 0 |a financie verejné 
610 2 0 |a inflácia 
610 2 0 |a hospodárstvo otvorené 
610 2 0 |a miera úroková 
100 1 |a Walsh, Carl E.